Tribhuvan University Central Library

A textbook of fundamentals of linguistics (Record no. 12900)

MARC details
000 -LEADER
fixed length control field 006480000a22002770004500
015 ## - NATIONAL BIBLIOGRAPHY NUMBER
National bibliography number NB
082 ## - DEWEY DECIMAL CLASSIFICATION NUMBER
Classification number 410
Item number N397t
-- T
041 ## - LANGUAGE CODE
Language code of text/sound track or separate title Eng
100 ## - MAIN ENTRY--PERSONAL NAME
Personal name Neupane, Gopilal
100 ## - MAIN ENTRY--PERSONAL NAME
Personal name Jhapa, Hukum Singh
100 ## - MAIN ENTRY--PERSONAL NAME
Personal name Pandey, Arjun
245 ## - TITLE STATEMENT
Title A textbook of fundamentals of linguistics
260 ## - PUBLICATION, DISTRIBUTION, ETC. (IMPRINT)
Place of publication, distribution, etc Kathmandu
Name of publisher, distributor, etc National Book centre, Nepal
260 ## - PUBLICATION, DISTRIBUTION, ETC. (IMPRINT)
Date of publication, distribution, etc 1997
300 ## - PHYSICAL DESCRIPTION
Extent 301p.
Other physical details figs,tables
365 ## - TRADE PRICE
Price type code Rs. 130.00
500 ## - GENERAL NOTE
General note Bibliography at the end
518 ## - DATE/TIME AND PLACE OF AN EVENT NOTE
Date/time and place of an event note 980115
530 ## - ADDITIONAL PHYSICAL FORM AVAILABLE NOTE
Additional physical form available note M
650 ## - SUBJECT ADDED ENTRY--TOPICAL TERM
Topical term or geographic name as entry element Linguistics
650 ## - SUBJECT ADDED ENTRY--TOPICAL TERM
Topical term or geographic name as entry element Dialects
650 ## - SUBJECT ADDED ENTRY--TOPICAL TERM
Topical term or geographic name as entry element Phonetics
650 ## - SUBJECT ADDED ENTRY--TOPICAL TERM
Topical term or geographic name as entry element Grammar
650 ## - SUBJECT ADDED ENTRY--TOPICAL TERM
Topical term or geographic name as entry element Semantics
942 ## - ADDED ENTRY ELEMENTS (KOHA)
Koha item type General Collections
Holdings
Withdrawn status Lost status Damaged status Not for loan Home library Current library Date acquired Total Checkouts Barcode Date last seen Price effective from
        Tribhuvan University Central Library Tribhuvan University Central Library 06/20/2010   114329 06/20/2010 06/20/2010